|
|
|
|
| LEADER |
02788nam a2200769 i 4500 |
| 001 |
nkc20193155144 |
| 003 |
CZ PrNK |
| 005 |
20200219102803.0 |
| 007 |
ta |
| 008 |
191023s2019 xr e p 000 0 eng |
| 015 |
|
|
|a cnb003155144
|
| 020 |
|
|
|a 978-80-7598-584-2
|q (brožováno)
|
| 035 |
|
|
|a (OCoLC)1143827488
|
| 040 |
|
|
|a ABA001
|b cze
|e rda
|
| 041 |
0 |
|
|a eng
|b cze
|b eng
|
| 072 |
|
7 |
|a 811.111
|x Angličtina
|2 Konspekt
|9 11
|
| 072 |
|
7 |
|a 37.016
|x Učební osnovy. Vyučovací předměty. Učebnice
|2 Konspekt
|9 22
|
| 080 |
|
|
|a 34
|2 MRF
|
| 080 |
|
|
|a 811.111
|2 MRF
|
| 080 |
|
|
|a 34:81'373.46
|2 MRF
|
| 080 |
|
|
|a 81'373.46
|2 MRF
|
| 080 |
|
|
|a 81'42'373.46
|2 MRF
|
| 080 |
|
|
|a 81'42
|2 MRF
|
| 080 |
|
|
|a 81'373
|2 MRF
|
| 080 |
|
|
|a 81'36
|2 MRF
|
| 080 |
|
|
|a (075)
|2 MRF
|
| 080 |
|
|
|a (076.5)
|2 MRF
|
| 100 |
1 |
|
|a Bázlik, Miroslav,
|d 1946-2020
|7 jx20051128002
|4 aut
|
| 245 |
1 |
0 |
|a Legal English and its lexical and grammatical structure for Czech lawyers and translators :
|b a proficiency-level coursebook ideal for both classroom and self-study /
|c Miroslav Bázlik and Ada Böhmerová
|
| 250 |
|
|
|a 2nd edition
|
| 264 |
|
1 |
|a Praha :
|b Wolters Kluwer,
|c 2019
|
| 300 |
|
|
|a 210 stran ;
|c 24 cm
|
| 336 |
|
|
|a text
|b txt
|2 rdacontent
|
| 337 |
|
|
|a bez média
|b n
|2 rdamedia
|
| 338 |
|
|
|a svazek
|b nc
|2 rdacarrier
|
| 490 |
1 |
|
|a Právní monografie
|
| 500 |
|
|
|a V tiráži chybně uvedeno: vydání první
|
| 504 |
|
|
|a Obsahuje bibliografii
|
| 546 |
|
|
|a České a anglické resumé
|
| 650 |
0 |
7 |
|a právo
|7 ph115914
|2 czenas
|
| 650 |
0 |
7 |
|a angličtina
|7 ph114056
|2 czenas
|
| 650 |
0 |
7 |
|a právní jazyk
|7 ph388293
|2 czenas
|
| 650 |
0 |
7 |
|a oborová terminologie
|7 ph138998
|2 czenas
|
| 650 |
0 |
7 |
|a odborné texty
|7 ph123679
|2 czenas
|
| 650 |
0 |
7 |
|a psané texty
|7 ph124767
|2 czenas
|
| 650 |
0 |
7 |
|a lexikologie
|7 ph122286
|2 czenas
|
| 650 |
0 |
7 |
|a mluvnice
|7 ph115331
|2 czenas
|
| 650 |
0 |
9 |
|a law
|2 eczenas
|
| 650 |
0 |
9 |
|a English language
|2 eczenas
|
| 650 |
0 |
9 |
|a legal language
|2 eczenas
|
| 650 |
0 |
9 |
|a terminology (professional)
|2 eczenas
|
| 650 |
0 |
9 |
|a professional texts
|2 eczenas
|
| 650 |
0 |
9 |
|a written texts
|2 eczenas
|
| 650 |
0 |
9 |
|a lexicology
|2 eczenas
|
| 650 |
0 |
9 |
|a grammar
|2 eczenas
|
| 655 |
|
7 |
|a učebnice
|7 fd133770
|2 czenas
|
| 655 |
|
7 |
|a praktická cvičení
|7 fd133118
|2 czenas
|
| 655 |
|
9 |
|a textbooks
|2 eczenas
|
| 655 |
|
9 |
|a problems, exercises, etc.
|2 eczenas
|
| 700 |
1 |
|
|a Böhmerová, Ada,
|d 1947-
|7 xx0056031
|4 aut
|
| 830 |
|
0 |
|a Právní monografie (Wolters Kluwer ČR)
|0 s
|
| 910 |
2 |
|
|a BOA001
|b 2-1438.791
|
| 990 |
|
|
|a BK
|
| 995 |
|
|
|a 01
|
| 991 |
|
|
|b 202001
|c NOV
|
| 996 |
6 |
|
|b 2610809223
|c 2-1438.791
|l MZK
|r Sklad / do 1 hodiny
|n 0
|p p.v.
|w 001771024
|u 000010
|a 1
|e BOA001
|j MZK50
|s P
|
| 996 |
7 |
|
|b 2610809224
|c 2-1438.791
|l MZK
|r Sklad / do 1 hodiny
|n 6
|p kup
|w 001771024
|u 000020
|a 1
|e BOA001
|j MZK50
|s A
|